| 000 | 00683nam a2200241Ia 4500 | ||
|---|---|---|---|
| 005 | 20260429111954.0 | ||
| 008 | 260429s9999||||xx |||||||||||||| ||und|| | ||
| 020 | _a9789811286063 | ||
| 041 | _aEnglish | ||
| 082 |
_a551.8 _bKAN |
||
| 100 | _aKang, Yuzhu | ||
| 245 | 0 |
_aEvolution of global crustal uplift and depression : _bchanges of sea and land / _cYuzhu Kang |
|
| 260 |
_aSingapore : _bWorld Scientific Publishing, _c2024. |
||
| 300 | _axi, 215 p.; hb | ||
| 650 | _a Earth crust | ||
| 650 | _a Geology | ||
| 650 | _a Structural geology | ||
| 650 | _aEarth science | ||
| 700 | _a Kang, Zhihong | ||
| 700 | _a Kang, Zhijiang | ||
| 700 | _a Wang, Jiwei | ||
| 942 | _cTB | ||
| 999 |
_c51690 _d51690 |
||